| 000 | 00421nam a22000977a 4500 | ||
|---|---|---|---|
| 008 | 170116b xxu||||| |||| 00| 0 eng d | ||
| 100 | _aShort, Harold Ashby | ||
| 245 | _aThe engraving art of Czeslaw Slania | ||
| 260 |
_aMilwaukee, Wisc. _bCzeslaw Slania Study Group _c2008 |
||
| 650 | _aSlania, Czeslaw, 1921-2005. | Poland | Sweden | Engravers | Artists and Designers | Production | Engraving | Designs | Catalogs and Price Lists | ||
| 999 |
_c2199 _d2199 |
||